Hlavné pôdne typy Slovenska : príspevok k ich poznaniu /

Uložené v:
Podrobná bibliografia
Hlavný autor: Maláč, Bohuslav (Author)
Médium: Kniha
Jazyk:Slovak
Vydané: Bratislava : Slovenské vydavateľstvo pôdohospodárskej literatúry, 1962.
Vydanie:1. vyd.
Edícia:Rastlinná výroba zv. 103
ISBN: (viaz.)
Fyzický popis: 306 s. : il.
Tagy: Pridať tag
Žiadne tagy, Buďte prvý kto otaguje tento záznam!

MARC

LEADER 00000nam a22000001 4500
001 000115744
005 20100915085823.0
008 990206s1962 xo slo d
020 |a (viaz.)  |c Kčs 24,30 
040 |a SVKKK  |b slo  |c SVKKK  |e AACR2 
041 0 |a slo 
044 |a xo  |c SK 
100 1 |a Maláč, Bohuslav  |4 aut 
245 1 0 |a Hlavné pôdne typy Slovenska :  |b príspevok k ich poznaniu /  |c Bohuslav Maláč ; predh. Václav Novak. 
250 |a 1. vyd. 
260 |a Bratislava :  |b Slovenské vydavateľstvo pôdohospodárskej literatúry,  |c 1962. 
300 |a 306 s. :  |b il. 
490 1 |a Rastlinná výroba ;  |v zv. 103 
830 0 |a Rastlinná výroba  |v zv. 103 
910 |a svkkk 
998 |a BK 
090 |g SCKHL  |k Sklad Pribinova 1. posch.  |a IV.28154  |j 315381  |i 115744-20  |s Absenčne 
090 |g SCKHL  |k Sklad Pribinova 1. posch.  |a IV.28725  |j 318551  |i 2720186210  |s Absenčne